Länder nach Wikipedia-Beschreibungen #2 - Statistiken

Allgemein
  • Dieses Quiz wurde 60 mal gespielt
  • Das Durchschnittsergebnis liegt bei 7 aus 11
Antwortstatistiken
Hint Antwort % Korrekt
______ ist ein Staat im Südkegel Südamerikas. Es ist das kleinste spanischsprachige Land in Südamerika. Uruguay
91%
Mit einer Fläche von 468 Quadratkilometern ist ______ der größte der sechs europäischen Zwergstaaten. Andorra
83%
Mit über 280 Millionen Einwohnern ist _______ das viertbevölkerungsreichste Land der Welt und zugleich das bevölkerungsreichste muslimisch geprägte Land. Zu ______ gehört die Insel Java, die bevölkerungsreichste Insel der Welt. Indonesien
83%
______ ist der einzige Staat der Erde mit mehrheitlich jüdischer Bevölkerung und versteht sich gemäß seinem Nationalstaatsgesetz als „Nationalstaat des jüdischen Volkes“. De facto ist _____ jedoch ein multiethnischer Staat, in dem ein erheblicher Teil der Bevölkerung (rund 23 Prozent) Nichtjuden sind. Israel
79%
Territorial über viermal so groß wie Deutschland, ist ______ mit rund drei Millionen Einwohnern der am dünnsten besiedelte Staat der Erde. Mehr als 40 Prozent der Landesbevölkerung leben in der Hauptstadt U[...]. Mongolei
79%
Der höchste Punkt von ______ ist mit 5636 Meter der auf der Grenze zwischen den Bundesstaaten Puebla und Veracruz liegende Vulkan Citlaltépetl. Mit 707 bekannten Arten liegt _____ auf dem ersten Platz bei der Artenvielfalt der Reptilien und mit 438 Arten auf dem zweiten Platz in Bezug auf die Säugetiere. Mexiko
66%
Seit dem Ende der letzten Kaltzeit ist ______ nachweislich von Menschen besiedelt. Ab der Völkerwanderungszeit kam ______ über den sich ausweitenden Ostseehandel stärker in Kontakt mit dem übrigen Europa; im Hochmittelalter wurde es christianisiert. Eine Besonderheit der Sprachpolitik ist, dass _____ als einziges Land der Europäischen Union das Recht auf den Gebrauch der Gebärdensprache in seiner Verfassung verankert hat. Finnland
58%
______ ist ein Staat des frankophonen Afrikas uns liegt an der westlichen Spitze. ______ liegt, bedingt durch regionale Unterschiede in jährlichen Niederschlagsmengen, im Übergang der kargen Vegetation der Sahelzone im Norden zu den fruchtbareren Tropen im Süden. Senegal
57%

______ hat insgesamt neun Nachbarstaaten. Die Grenzlänge beträgt insgesamt 3876 Kilometer.

In ________ werden insgesamt 51 Prozent der Landesfläche landwirtschaftlich genutzt, Wälder bedecken weitere 30 Prozent. 14 Prozent werden als Siedlungs- und Verkehrsfläche genutzt. Wasserflächen kommen auf zwei Prozent, die restlichen drei Prozent verteilen sich auf sonstige Flächen, zumeist Ödland und auch Tagebaue.

Deutschland
53%
_______ ist ein Industriestaat. Sein Bruttoinlandsprodukt pro Einwohner ist das höchste der ehemaligen RGW-Mitglieder. Seit 1999 ist ______ Mitglied der NATO und seit 2004 Mitglied der Europäischen Union. Tschechien
38%

_____ ist seit 1970 unabhängig vom Vereinigten Königreich und seitdem ein Mitglied des Commonwealth of Nations sowie seit 1987 eine Republik. Die Demokratie in _____ ist schon lange angeschlagen, es wird als Hybridregime eingeordnet. ______ gliedert sich in vier Divisionen und das Schutzgebiet Rotuma mit der Hauptstadt Ahau.

Fidschi
9%
Keine übereinstimmenden Quizze gefunden
Verteilung der Resultate
Anzahl Personen mit jedem Resultat
Perzentil nach korrekt beantworteten Fragen
Ihre Resultats-Entwicklung
Sie haben dieses Quiz noch nicht gespielt